000
00257nam a2200097Ia 4500
008
120527s9999 xx 000 0 und d
100
_a
Olajire A. A. etal.
245
_a
Introductory physical chemistry ( University series A )
260
_b
Ogfat
942
_c
BK
999
_c
15422
_d
15422